Can you name the gun? - Statistics

General Stats
  • This quiz has been taken 419 times
  • The average score is 19 of 39
Answer Stats
Picture Answer % Correct
AK-47 (Kalaschnikow)
99%
FN SCAR
83%
FN P90
74%
G36
71%
Desert Eagle
64%
HK MP5
64%
M249 LMG
62%
UZI
62%
FAMAS
60%
M16
60%
M1A1 Thompson Submachine Gun
60%
Sturmgewehr 77 (Steyr AUG )
60%
Luger P08
57%
UMP
57%
Barret M82
56%
Glock-17
55%
Dragunow Scharfschützengewehr (SVD)
54%
MP-40
52%
M1 Garand
51%
HK 416
49%
FN FAL
47%
Sturmgewehr 44
47%
M4A1 Carbine
45%
PP-19 Bizon
44%
Saiga-12
44%
AS Val
43%
PPSh-41
43%
Colt Single Action Army (Peacemaker)
41%
B&T MP9
40%
Lewis Gun
37%
VSS-Vintorez
37%
Galil ACE
32%
OZ-14 Groza
32%
Tokarew SVT-40
32%
SA80 (L85,86)
28%
Walther PPK
28%
FN F2000
24%
Winchester 1897
24%
QBZ-95
23%
No matching quizzes found
Score Distribution
Percent of People with Each Score
Percentile by Number Answered
Your Score History
You have not taken this quiz